000 00433nam a2200181Ia 4500
001 13469
005 20260306164803.0
008 260306t1994||||xx |||||||||||||| ||spa||
041 _aESP
082 _a004.22
_bM86
100 _aMano, Morris M.
_eAUT
245 0 _aArquitectura de computadoras = computer system architecture
260 _c1994
300 _a
_c
650 _aGEN
654 _aCCC
942 _cLIB
_dJUS
_fJUS
_2ddc
_n
999 _c13469
_d13469